Accuracy defined and illustrated: an NIV translator answers your questions / (Record no. 14586)
[ view plain ]
| 000 -LEADER | |
|---|---|
| fixed length control field | 00635nam a22001811a 4500 |
| 005 - DATE AND TIME OF LATEST TRANSACTION | |
| control field | 20110718122842.0 |
| 008 - FIXED-LENGTH DATA ELEMENTS--GENERAL INFORMATION | |
| fixed length control field | 090715s1995 cou 001 0 eng d |
| 020 ## - INTERNATIONAL STANDARD BOOK NUMBER | |
| Terms of availability | 0.00 |
| 040 ## - CATALOGING SOURCE | |
| Original cataloging agency | NEGST Library - Kenya |
| 082 0# - DEWEY DECIMAL CLASSIFICATION NUMBER | |
| Classification number | BS 405.B37 1995 |
| 100 1# - MAIN ENTRY--PERSONAL NAME | |
| Personal name | Barker, Kenneth L. |
| 245 10 - TITLE STATEMENT | |
| Title | Accuracy defined and illustrated: an NIV translator answers your questions / |
| Statement of responsibility, etc | Kenneth L. Barker. |
| 260 ## - PUBLICATION, DISTRIBUTION, ETC. (IMPRINT) | |
| Place of publication, distribution, etc | Colorado springs : |
| Name of publisher, distributor, etc | International Bible Society, |
| Date of publication, distribution, etc | 1995. |
| 300 ## - PHYSICAL DESCRIPTION | |
| Extent | 160 p. |
| 500 ## - GENERAL NOTE | |
| General note | Includes bibliography and index. |
| 600 10 - SUBJECT ADDED ENTRY--PERSONAL NAME | |
| Personal name | Bible. |
| Language of a work | English |
| General subdivision | Versions |
| -- | New International. |
| 852 ## - LOCATION/CALL NUMBER | |
| -- | 4.95 |
| Withdrawn status | Lost status | Source of classification or shelving scheme | Damaged status | Not for loan | Collection code | Home library | Current library | Shelving location | Date acquired | Cost, normal purchase price | Total Checkouts | Full call number | Barcode | Date last seen | Copy number | Price effective from | Koha item type |
|---|---|---|---|---|---|---|---|---|---|---|---|---|---|---|---|---|---|
| Library of Congress Classification | General Circulation | AIU/NEGST - Tony Wilmot Memorial Library | AIU/NEGST - Tony Wilmot Memorial Library | General Stacks | 09/25/2009 | 4.95 | BS 405.B37 1995 | R24944K3232 | 09/26/2019 | 1 | 09/25/2009 | Books |
